Diseño e implementación de un proceso de planeación estrategica para fortalecer la gestion del grupo Perfex-Espartaco
Αποθηκεύτηκε σε:
| Κύριος συγγραφέας: | |
|---|---|
| Άλλοι συγγραφείς: | |
| Μορφή: | Βιβλίο |
| Γλώσσα: | Spanish |
| Έκδοση: |
[San José, Costa Rica]
2013
|
| Θέματα: | |
| Ετικέτες: |
Προσθήκη ετικέτας
Δεν υπάρχουν, Καταχωρήστε ετικέτα πρώτοι!
|
MARC
| LEADER | 00000nam a22000007a 4500 | ||
|---|---|---|---|
| 003 | 011837 | ||
| 005 | 20221231143904.0 | ||
| 008 | 150320b cr a|||| |||| 00| 0 spa d | ||
| 040 | |c cru CEDI | ||
| 090 | |a TFG 7006 | ||
| 100 | |9 635 |a Mora Mora, Laura | ||
| 245 | |a Diseño e implementación de un proceso de planeación estrategica para fortalecer la gestion del grupo Perfex-Espartaco | ||
| 260 | |a [San José, Costa Rica] |c 2013 | ||
| 500 | |a Proyecto de graduación (licenciatura en ingeniería industrial)--Universidad de Costa Rica. Facultad de Ingeniería. Escuela de Ingeniería Industrial | ||
| 650 | |x PLANEAMIENTO ESTRATEGICO |x PLANIFICACION EMPRESARIAL |x GRUPO PERFEX-ESPARTACO (COSTA RICA) - ADMINISTRACION |x CARRETILLOS - FABRICACION - ADMINISTRACION |x ADMINISTRACION DE LA PRODUCCION |x ADMINISTRACION DE LA PRODUCCION - TOMA DE DECISIONES |x RENDIMIENTO INDUSTRIAL |9 637 | ||
| 700 | |9 636 |a Rodriguez Espinosa, Catalina | ||
| 942 | |c TFG | ||
| 999 | |c 13778 |d 13778 | ||
